[Event "Heusenstamm Sparkassen op U14 6th"]
[Site "Heusenstamm"]
[Date "2019.11.23"]
[Round "4"]
[White "Spelleken, Mark W"]
[Black "Heidtkamp, Anna"]
[Result "1-0"]
[WhiteElo "961"]
[BlackElo "788"]
[PlyCount "91"]
[EventDate "2019.11.21"]
[EventType "swiss"]
[EventRounds "7"]
[EventCountry "GER"]
[SourceTitle "CBM 194 Extra"]
[Source "ChessBase"]
[SourceDate "2020.03.31"]
[SourceVersion "1"]
[SourceVersionDate "2020.03.31"]
[SourceQuality "1"]

1. d4 d5 2. Bf4 Nc6 3. Nf3 Nf6 4. Nc3 Bf5 5. g3 e6 6. a3 Bd6 7. Qd2 0-0 8. Bg2 Re8 9. 0-0 Nh5 10. Bxd6 Qxd6 11. Rfe1 e5 12. e4 dxe4 13. Nxe4 exd4 14. Nxd6 cxd6 15. Nxd4 Nxd4 16. Qxd4 Bxc2 17. Rxe8+ Rxe8 18. Qxd6 Nf6 19. Bf1 Re6 20. Qb8+ Re8 21. Qxb7 Be4 22. Qb5 Re6 23. g4 Bc6 24. Qb4 Re4 25. Qb8+ Re8 26. Qc7 Ba4 27. g5 Nd5 28. Qc4 Nb6 29. Qb4 Bc6 30. Bb5 Rc8 31. Bxc6 Rxc6 32. Qe7 h6 33. Qe8+ Kh7 34. Qxc6 hxg5 35. Re1 Kh8 36. Qc2 Nd5 37. Qb1 Nf6 38. Kg2 a5 39. Kg3 a4 40. h4 gxh4+ 41. Kxh4 g6 42. Kg5 Nh7+ 43. Kh6 Nf6 44. Qc2 g5 45. Qc8+ Ne8 46. Rxe8# 1-0

[Event "Heusenstamm Sparkassen op U14 6th"]
[Site "Heusenstamm"]
[Date "2019.11.23"]
[Round "2"]
[White "Spelleken, Mark W"]
[Black "Terlinde, Mattis"]
[Result "1-0"]
[WhiteElo "961"]
[BlackElo "807"]
[PlyCount "81"]
[EventDate "2019.11.21"]
[EventType "swiss"]
[EventRounds "7"]
[EventCountry "GER"]
[SourceTitle "CBM 194 Extra"]
[Source "ChessBase"]
[SourceDate "2020.03.31"]
[SourceVersion "1"]
[SourceVersionDate "2020.03.31"]
[SourceQuality "1"]

1. d4 d5 2. Nf3 Nc6 3. Bf4 Nf6 4. Nc3 Bf5 5. g3 e6 6. a3 Bd6 7. Qd2 Bxf4 8. Qxf4 Qd6 9. Qxd6 cxd6 10. Rc1 e5 11. e3 exd4 12. exd4 0-0 13. Bg2 Rae8+ 14. Ne2 Bg4 15. c3 h6 16. Rc2 Ne4 17. 0-0 Ne7 18. h3 Bh5 19. Re1 Bg6 20. Rcc1 Nc6 21. Nh4 Bh7 22. Nf4 Nf6 23. Nxd5 Rxe1+ 24. Rxe1 Nxd5 25. Bxd5 g5 26. Nf3 Bf5 27. g4 Bg6 28. h4 gxh4 29. Nxh4 Bd3 30. f4 Kh7 31. Kg2 Rg8 32. Kg3 Rg7 33. Re3 Bg6 34. Nxg6 fxg6 35. Be4 Re7 36. Kh4 Nd8 37. f5 gxf5 38. Bxf5+ Kg7 39. Rxe7+ Kf8 40. Rh7 Nf7 41. Kh5 1-0

[Event "Heusenstamm Sparkassen op U14 5th"]
[Site "Heusenstamm"]
[Date "2018.11.24"]
[Round "3"]
[White "Kuchta, Maksim"]
[Black "Spelleken, Mark W"]
[Result "1-0"]
[WhiteElo "1023"]
[BlackElo "814"]
[PlyCount "37"]
[EventDate "2018.11.23"]
[EventType "swiss"]
[EventRounds "7"]
[EventCountry "GER"]
[SourceTitle "CBM 188 Extra"]
[Source "ChessBase"]
[SourceDate "2019.02.26"]
[SourceVersion "1"]
[SourceVersionDate "2019.02.26"]
[SourceQuality "1"]

1. e4 e5 2. Nf3 g6 3. Nxe5 Bg7 4. Nf3 Nf6 5. Bc4 0-0 6. 0-0 d5 7. exd5 Nxd5 8. d3 Bf5 9. Be3 Re8 10. Bd4 f6 11. Nc3 c6 12. Re1 Rxe1+ 13. Qxe1 Kf8 14. Bc5+ Kf7 15. Nxd5 cxd5 16. Bxd5+ Qxd5 17. Qe7+ Kg8 18. Qe8+ Bf8 19. Qxf8# 1-0

[Event "Eschborn op"]
[Site "Eschborn"]
[Date "2018.10.07"]
[Round "5"]
[White "Spelleken, Mark W"]
[Black "Elpelt, Silvia"]
[Result "0-1"]
[WhiteElo "814"]
[BlackElo "1383"]
[PlyCount "74"]
[EventDate "2018.10.05"]
[EventType "swiss"]
[EventRounds "5"]
[EventCountry "GER"]
[SourceTitle "CBM 187 Extra"]
[Source "ChessBase"]
[SourceDate "2018.11.04"]
[SourceVersion "1"]
[SourceVersionDate "2018.11.04"]
[SourceQuality "1"]

1. d4 d5 2. Bf4 Nf6 3. Nc3 a6 4. g3 Bf5 5. Bg2 e6 6. Nf3 Nbd7 7. 0-0 c5 8. Qd2 cxd4 9. Nxd4 Bg6 10. Rad1 Bc5 11. a3 0-0 12. Qc1 Re8 13. Rd2 Nb6 14. Rfd1 Nc4 15. b4 Bb6 16. Rd3 Bxd3 17. cxd3 Nd6 18. Nb3 Rc8 19. Rd2 e5 20. d4 exf4 21. e4 fxe3 22. fxe3 Rxe3 23. Rc2 Qe8 24. Kf2 Ng4+ 25. Kf1 Nxh2+ 26. Kf2 Ng4+ 27. Kf1 Nf5 28. Bxd5 Nxg3+ 29. Kg2 Nf5 30. Bf3 Nf6 31. Bxb7 Rd8 32. d5 Qe5 33. Kf1 Rf3+ 34. Kg2 Qg3+ 35. Kh1 Bf2 36. Rxf2 Rxf2 37. d6 Qh2# 0-1

[Event "Heusenstamm Sparkassen op U14 4th"]
[Site "Heusenstamm"]
[Date "2017.11.25"]
[Round "3"]
[White "Hain, Julian"]
[Black "Spelleken, Mark W"]
[Result "1-0"]
[WhiteElo "777"]
[BlackElo "783"]
[PlyCount "87"]
[EventDate "2017.11.24"]
[EventType "swiss"]
[EventRounds "5"]
[EventCountry "GER"]
[SourceTitle "EXT 2019"]
[Source "ChessBase"]
[SourceDate "2018.10.10"]
[SourceVersion "1"]
[SourceVersionDate "2018.10.10"]
[SourceQuality "1"]

1. e4 e5 2. Nf3 Nc6 3. Bc4 Nf6 4. d3 b6 5. Bg5 Bb7 6. 0-0 Bc5 7. Bd5 h6 8. Bh4 Nd4 9. Bxb7 Rb8 10. Ba6 Nxf3+ 11. Qxf3 Bd4 12. Nc3 0-0 13. Bc4 h5 14. Bg5 Qe7 15. Qg3 Kh8 16. Nd5 Qd6 17. c3 Bc5 18. Qf3 Ng4 19. Be7 Qg6 20. Bxf8 Rxf8 21. Nxc7 Qg5 22. h3 Nf6 23. g3 h4 24. Kh2 Nh5 25. g4 Nf4 26. Rad1 Ne2 27. Qxe2 Qf4+ 28. Kg2 Be7 29. Nd5 Qg5 30. Nxe7 Qxe7 31. Qf3 f5 32. exf5 g6 33. Qe4 Qh7 34. fxg6 Qg7 35. Rde1 Rf6 36. Qxe5 Qxg6 37. Qb8+ Kh7 38. Re7+ Kh6 39. Qe5 d6 40. Qd5 Rf8 41. Rfe1 Qg5 42. Qe6+ Rf6 43. Qe4 Rf4 44. Qh7# 1-0

[Event "Eschborn op"]
[Site "Eschborn"]
[Date "2017.10.15"]
[Round "5"]
[White "Spelleken, Mark W"]
[Black "Werner, Rosalie"]
[Result "0-1"]
[WhiteElo "784"]
[BlackElo "1343"]
[PlyCount "34"]
[EventDate "2017.10.13"]
[EventType "swiss"]
[EventRounds "5"]
[EventCountry "GER"]
[SourceTitle "EXT 2019"]
[Source "ChessBase"]
[SourceDate "2018.10.10"]
[SourceVersion "1"]
[SourceVersionDate "2018.10.10"]
[SourceQuality "1"]

1. d4 e6 2. e4 d5 3. Bd3 Nf6 4. Nc3 Bb4 5. Bd2 Bxc3 6. Bxc3 dxe4 7. Bc4 Nd5 8. Bd2 Nc6 9. Ne2 e5 10. f3 e3 11. Bc3 Nxc3 12. Nxc3 Qh4+ 13. g3 Qxd4 14. Qe2 Nb4 15. Bb3 Be6 16. Bxe6 fxe6 17. a3 Nc6 0-1

[Event "Eschborn op"]
[Site "Eschborn"]
[Date "2017.10.14"]
[Round "1"]
[White "Boder, Jan"]
[Black "Spelleken, Mark W"]
[Result "1-0"]
[WhiteElo "1680"]
[BlackElo "784"]
[PlyCount "43"]
[EventDate "2017.10.13"]
[EventType "swiss"]
[EventRounds "5"]
[EventCountry "GER"]
[SourceTitle "EXT 2019"]
[Source "ChessBase"]
[SourceDate "2018.10.10"]
[SourceVersion "1"]
[SourceVersionDate "2018.10.10"]
[SourceQuality "1"]

1. c4 e5 2. g3 Nc6 3. Bg2 Bc5 4. Nc3 Nf6 5. e3 d6 6. Nge2 0-0 7. 0-0 Be6 8. d4 exd4 9. exd4 Nxd4 10. Nxd4 Bf5 11. Bg5 h6 12. Bxh6 gxh6 13. Nxf5 Qd7 14. Nxh6+ Kg7 15. Nd5 Qe6 16. Re1 Qd7 17. Nxf6 Kxf6 18. Qf3+ Kg6 19. Re4 Kxh6 20. Qf6+ Kh7 21. Rh4+ Kg8 22. Rh8# 1-0